000 00797nam a22002057a 4500
999 _c18177
_d18177
003 AR-CdUCM
008 190513b ||||| |||| 00| 0 spa d
040 _aMUNICIPALIDAD PROVINCIAL DEL CUSCO
_cBIBLIOTECA MUNICIPAL DEL CUSCO
082 _a909.5 /
_bL29
100 _aLaunay, Jacques de.
_938622
245 _aEnigmas de la historia del siglo xx :
_bDe Sarajevo a Dallas /
260 _aBarcelona :
_bDaimon,
_c1965.
300 _a433 páginas ;
_c20 cm.
440 _aColección grandes enigmas.
_n11.
_938623
505 _aContenido : El atentado de Sarajevo -- La alianza austro-alemana -- La guerra de movimiento -- La guerra de desgaste -- La guerra mundial ...
650 _aGuerras civiles.
_97729
650 _aEstados Unidos.
_91805
942 _2ddc
_cLIBROS
945 _arum
_d2019-05-13